[Event "Moscow Aeroflot op"]
[Site "Moscow"]
[Date "2002.02.09"]
[Round "7"]
[White "Fedorov, Alexei"]
[Black "Akopian, Vladimir Eduardovic"]
[Result "1/2-1/2"]
[WhiteElo "2589"]
[BlackElo "2680"]
[Annotator "Finkel,A"]
[PlyCount "62"]
[EventDate "2002.02.04"]
[EventType "swiss"]
[EventRounds "9"]
[EventCountry "RUS"]
[SourceTitle "CBM 088"]
[Source "ChessBase"]
[SourceDate "2002.03.21"]
[SourceVersion "1"]
[SourceVersionDate "2002.03.21"]
[SourceQuality "1"]

1. e4 e6 2. d4 d5 3. Nc3 Nf6 4. e5 Nfd7 5. f4 c5 6. Nf3 Nc6 7. Be3 cxd4 8. Nxd4
Bc5 9. Qd2 O-O (9... Bxd4 10. Bxd4 Nxd4 11. Qxd4 Qb6 $13) 10. O-O-O a6 11. h4
Nxd4 12. Bxd4 b5 13. Rh3 {In this position were played handreds of games,but
so far white didn't manage to show clear way to advantage and black's results
in this variation are quite satisfactory.} (13. h5 b4 14. Ne2 (14. Na4 Bxd4 15.
Qxd4 a5 {Nunn,J-Lputian,S/Manila ol/1992/} (15... f6 $1 $36) (15... f6 $1 $36))
14... a5 15. Bxc5 Nxc5 16. Qe3 Qb6 {Smirin,A-Lputian,S/Rostov/1993/}) 13... b4
(13... Qb6 14. h5 Ra7 15. Rg3 Bxd4 16. Qxd4 Qxd4 17. Rxd4 Nb8 18. Rd2 Nc6 19.
Ne2 b4 20. Nd4 Bd7 $10 {Tischbierek,R-Zysk,R/BL9293/}) (13... Bb7 $5 14. h5 b4
15. Na4 Bxd4 16. Qxd4 Qa5 17. b3 Bc6 18. Nb2 Rfc8 $1 $10 {Tischbierek,R-Knaak,
R/BL9293/}) 14. Na4 Bxd4 15. Qxd4 a5 (15... f6 $6 $146 16. Qxb4 $1 fxe5 17. Qd6
$1 Qf6 18. f5 $3 $16 {Kasparov,G-Short,N/Amsterdam VSB 1994} (18. f5 $3 Qh6+
19. Kb1 Rxf5 20. Rf3 $1 Rxf3 21. gxf3 $16 {Kasparov,G-Short,N/Amsterdam VSB
1994})) (15... Qa5 16. b3 Bb7 17. c3 $1 (17. Kb1 Bc6 18. c3 $14) 17... Rfc8 18.
Kb2 bxc3+ 19. Rxc3 Rxc3 20. Qxc3 {Nijboer,F-Luther,T/Leuwaarden/1992/} Qd8 21.
Rc1 Rc8 22. Qb4 Qxh4 23. Qxb7 Qf2+ 24. Ka3 Rxc1 25. Qxd7 g6 26. Bxa6 Ra1 $14 {
Nijboer}) 16. Bb5 (16. b3 Ba6 17. Kb1 Bxf1 18. Rxf1 Qc7 19. h5 Ra6 20. Re3 Rc6
21. Rf2 f6 $15 {Kulish,I-Matveeva,S/Rostov on Don-W 1995} (21... f6 22. Ree2 h6
$15 {Kulish,I-Matveeva,S/Rostov on Don-W 1995})) (16. c4 $5 bxc3 17. Rxc3 Qxh4
18. g3 Qd8 19. Kb1 Ba6 20. Bxa6 Rxa6 21. Rh1 $13 {Nijboer,F-Korchnoi,V/
Sonsbeek SNS 1999}) 16... Rb8 (16... Qc7 17. Kb1 Rb8 18. c4 Nb6 19. c5 Nxa4 20.
Bxa4 Ba6 21. Rc1 Rfc8 $132 {De la Riva,O-Comas Fabrego,L/Barcelona op 1996})
17. Bd3 (17. Be2 Bb7 18. Kb1 Bc6 19. Nc5 Bb5 20. Bd3 Nxc5 21. Qxc5 Qd7 22. Qf2
$13 {De la Riva Aguado,O-Glek,I/Open 1999}) 17... Qc7 (17... Bb7 18. f5 Bc6 $5
(18... Qc7 19. Re1 exf5 (19... Qc6 $6 20. Rg3 Qxa4 $6 21. Qg4 $1 g6 22. fxg6
fxg6 23. Bxg6 Kh8 24. Be8 $3 $18 {[%csl Gg7]}) 20. Bxf5 Bc6 21. Nc5 Nxc5 22.
Qxc5 Rfe8 23. Rhe3 $14 {Fedorov,A-Kortschnoj,V/EU-chT 1999}) 19. Nc5 ({Worth
an attention} 19. Rg3 $5 exf5 (19... Bxa4 $6 20. Qg4 g6 21. fxg6 fxg6 22. Bxg6
Nxe5 $2 (22... Kh8 23. Bxh7 Qe7 (23... Rg8 24. Qh5) 24. Bg6 Rf7 (24... Rf5) 25.
Bxf7 Qxf7 26. Qg5 $16) 23. Bxh7+ Kf7 24. Qg7+ Ke8 25. Qxe5 $18) 20. e6 Qf6 21.
Bxf5 $5 Qxd4 22. Rxd4 fxe6 23. Bxe6+ Kh8 24. Bxd7 Bxd7 25. Nc5 Bc6 $13) 19...
Nxc5 20. Qxc5 Qb6 21. Qxb6 Rxb6 22. Rf3 (22. f6 $5) 22... Rc8 $11 {Marjanovic,
S-Antic,D/Subotica 2000/CBM 76}) (17... Nb6 $5 18. Nc5 Nd7) 18. h5 (18. Re1 Qc6
19. b3 Ba6 20. Bxa6 Qxa6 21. h5 (21. Rg3 $5 Rbc8 22. f5 Qc6 23. Re2 Kh8 24. h5
Rg8 25. Rf3 $14 {Arakhamia,K-Matveeva,S/Kishinev izt-W 1995}) 21... Rfc8 22. f5
Qc6 23. Re2 Nc5 $5 $13 {Sedlak,N-Antic,D/Subotica 2000/CBM 76}) (18. Rg3 Bb7
19. Re1 f6 $2 20. exf6 Rxf6 21. Rxe6 $1 $16 {Cherevatenko,R-Shemeakin,A/
Alushta 1998/EXT 2000}) 18... Bb7 (18... Qc6 $6 19. b3 Ba6 20. f5 Rbc8 21. Rd2
Bxd3 22. Rhxd3 Qc7 23. Re2 Rfe8 24. Rg3 exf5 25. e6 {1-0 Berndt,S-Furlan,M/
Bled 2000/CBM 75 ext (25)}) 19. Re3 $5 {Quite innocent attemptto improve
white's play! Black easily equalizes by exchanging all minor pieces.} (19. g4
Rfc8 20. Rh2 Qc6 21. b3 Ba6 22. Bxa6 Qxa6 23. f5 Qc6 24. Qf4 Qc7 25. Re2 $14 {
Fogarasi,T-Luther,T/Kecskemet 1993/CBM 37 ext}) 19... Bc6 20. Nc5 Nxc5 21. Qxc5
Rfc8 22. f5 (22. h6 $6 g6 23. g4 Bb5 24. Qxc7 Rxc7 25. g5 Bxd3 26. Rexd3 Kf8
$11) 22... Bb5 $1 {After this accurate move the position is equal.} 23. Qxc7 (
23. Qd4 $6 Bxd3 24. Qxd3 a4 $40) 23... Rxc7 24. f6 $5 Bxd3 25. Rdxd3 Rbc8 26.
Re2 gxf6 $1 (26... Rc4 $5 27. Rg3 g6 28. hxg6 fxg6 (28... hxg6 29. Rh3 $40 {
[%csl Rg8][%cal Gg2g4,Ge2h2]}) 29. Rf3 Kf7 $11) 27. exf6 Rc4 28. Rg3+ Kf8 29.
Rg7 Rf4 30. Rxh7 Kg8 31. Rg7+ Kf8 (31... Kf8 32. g3 $6 (32. Rh7 Kg8 33. Rh6 $2
{[%csl Rh6]} Rcc4 $17) 32... Rxf6 33. Rg4 Rf1+ 34. Kd2 Rh1 $15) 1/2-1/2

[Event "EU-Cup 19th"]
[Site "Rethymno"]
[Date "2003.09.29"]
[Round "2.4"]
[White "Vallejo Pons, Francisco"]
[Black "Knaak, Rainer"]
[Result "1-0"]
[WhiteElo "2662"]
[BlackElo "2480"]
[Annotator "Finkel,A"]
[PlyCount "117"]
[EventDate "2003.09.28"]
[EventType "team-swiss"]
[EventRounds "7"]
[EventCountry "GRE"]
[SourceTitle "CBM 098"]
[Source "ChessBase"]
[SourceDate "2004.02.03"]
[SourceVersion "1"]
[SourceVersionDate "2004.02.03"]
[SourceQuality "1"]
[WhiteTeam "Paris NAO"]
[BlackTeam "Werder Bremen"]
[WhiteTeamCountry "FRA"]
[BlackTeamCountry "GER"]

1. e4 e6 2. d4 d5 3. Nc3 Nf6 4. e5 Nfd7 5. f4 c5 6. Nf3 Nc6 7. Be3 cxd4 8. Nxd4
Bc5 9. Qd2 Nxd4 10. Bxd4 Bxd4 11. Qxd4 Qb6 12. Qd2 {White's best chance to
fight for win in this line is by deviating from immediate trade of the queens.}
(12. Qxb6 axb6 13. Nb5 Ke7 14. Bd3 Nc5 15. Kd2 Bd7 16. Nd4 Rhd8 17. Ke3 Rac8
18. Rac1 $14 {Lipka,J-Bulla,P/Topolcianky 1994/EXT 98}) (12. O-O-O Qxd4 13.
Rxd4) 12... Nc5 {A move like 12...Q:b2 demands very serious preparation and a
lot of nerves since white's initiative is extremly dangerous.} (12... Qxb2 13.
Rb1 Qa3 14. Nb5 (14. Bb5 Qe7 $15) 14... Qxa2 15. Nd6+ (15. Qb4 a5 $1) 15... Kf8
16. Rd1 $13 (16. Qb4 $2 a5 $1 $19)) (12... O-O 13. O-O-O f6 14. exf6 Nxf6 15.
Be2 Bd7 16. Bf3 $14 {Krylov,S-Eroes,P/Brno 1998/EXT 99}) 13. O-O-O Bd7 14. Qd4
(14. h4 O-O-O 15. Rh3 d4 16. Nb1 Bc6 17. Na3 Ne4 18. Qe1 Qc5 $13 {Alonso,
S-Ibar,M/ARG 1997/EXT 2001}) 14... Bc6 (14... a6 15. h4 O-O-O 16. Rh3 (16. h5
Bc6 17. Rh3 Kc7 18. Ne2 Ne4 19. Qxb6+ Kxb6 20. Nd4 {Vallejo Pons,F-Savchenko,S/
Moscow 2001}) 16... Bc6 (16... Kb8 17. f5 Bc8 $13) 17. Ne2 Kb8 18. Rc3 Na4 19.
Qxb6 Nxb6 20. Nd4 Bd7 21. b3 Nc8 22. h5 Ne7 $11 {Kasparov,G-Timman,J/Horgen
1995}) (14... a5 15. h4 Qb4 16. Rh3 Qxd4 17. Rxd4 h5 18. Re3 g6 19. b3 Ke7 20.
a4 Rac8 $14 {Zontakh,A-Gundersen,H/Eupen 1999}) 15. h4 Nd7 16. Qxb6 Nxb6 17.
Rh3 h5 (17... Ke7 18. h5 h6 19. Ne2 (19. Rg3 Rag8 20. Bd3 f6 21. Re1 Nd7 22.
Ne2 fxe5 23. fxe5 Nxe5 24. Nf4 Kd6 25. Rge3 Nxd3+ 26. cxd3 Bd7 $11) 19... f6
20. Nd4 fxe5 21. fxe5 Nd7 22. Re1 Raf8 23. Rf3 $14) 18. Rg3 g6 19. b3 $14 {
There is no doubt that white has a clear advantage, however black's position
is very solid so it seems that black should hold it with accurate play.} Ke7
20. a4 Rhc8 21. Ne2 Be8 22. Nd4 a6 23. Bd3 Nd7 24. Kd2 Nb8 25. Ra1 Nc6 26. Ne2
$1 Na5 27. Rh3 Rc7 28. Rg1 Rac8 29. Nd4 Nc6 30. Nxc6+ Rxc6 31. g4 hxg4 32. Rxg4
f5 $1 {After this move black gets sufficient counterchances.} (32... R6c7 33.
h5 gxh5 34. Rxh5 b5 35. a5 b4 36. f5 Bb5 37. Rxb4 Bxd3 38. cxd3 $18) 33. exf6+
Kxf6 34. Rhg3 Ke7 (34... b6 35. Rg2 a5 36. Ke3 Rc3 37. Kd4 Ke7 38. Ke5 Rd8 39.
R4g3 (39. Bxg6 Re3+ 40. Kd4 Bxg6 41. Rxg6 Re4+ 42. Kd3 Rxf4 $11) 39... d4 40.
Bc4 $16) 35. h5 $5 gxh5 36. Rg7+ Kf6 37. Rxb7 Bf7 $1 (37... e5 38. fxe5+ Kxe5
39. Ra7 h4 40. Rh3 (40. Rg5+ Kf4 41. Rf5+ Kg4 42. Rg7+ Rg6 43. Re7 $16) 40...
Bg6 41. Rxh4 Bxd3 42. cxd3 Rc1 43. Re7+ Kf5 44. Rd7 $16) 38. Ra7 h4 39. Rh3 Rh8
40. Rxa6 Rxa6 41. Bxa6 Bg6 42. Bf1 Kf5 (42... Bf5 43. Rh2 e5 44. b4 (44. fxe5+
Kxe5 45. b4 Kf4 46. a5 h3 47. b5 Kg3 48. Bxh3 Bxh3 49. Rh1 Ra8 50. a6 Bd7 51.
Rb1 Bc8 52. Ra1 Kf4 53. Kc3 Ke5 54. Kb4 Kd6 $11) 44... d4 45. fxe5+ Kxe5 46. a5
h3 47. b5 Kd6 $14) 43. b4 Kxf4 44. b5 Bf5 45. Rh2 Kg3 $2 {Losing move.After
correct 45...h3! black would be out of any danger.} (45... h3 $1 $11) 46. Rg2+
Kf3 47. b6 $18 h3 (47... Ra8 48. a5 $1 $18 {[%csl Gb5]}) 48. Re2 h2 (48... Kg3
49. Bxh3 Bxh3 50. a5 Bf1 51. a6 $18) 49. Bg2+ Kf4 50. a5 Be4 51. Rxe4+ dxe4 52.
b7 e3+ 53. Ke2 h1=Q 54. Bxh1 Rh2+ 55. Kd3 Rd2+ 56. Kc4 e5 57. b8=Q Rd4+ 58. Kc3
e2 59. Qf8+ 1-0

[Event "Corus-B"]
[Site "Wijk aan Zee"]
[Date "2006.01.21"]
[Round "7"]
[White "Cheparinov, Ivan"]
[Black "Stellwagen, Daniel"]
[Result "1-0"]
[WhiteElo "2625"]
[BlackElo "2573"]
[Annotator "Finkel,A"]
[PlyCount "95"]
[EventDate "2006.01.14"]
[EventType "tourn"]
[EventRounds "13"]
[EventCountry "NED"]
[EventCategory "15"]
[SourceTitle "CBM 111"]
[Source "ChessBase"]
[SourceDate "2006.04.04"]
[SourceVersion "1"]
[SourceVersionDate "2006.04.04"]
[SourceQuality "1"]

1. e4 e6 2. d4 d5 3. Nc3 Nf6 4. e5 Nfd7 5. f4 c5 6. Nf3 Nc6 7. Be3 cxd4 8. Nxd4
Bc5 9. Qd2 O-O 10. O-O-O a6 11. Qf2 Bxd4 12. Bxd4 b5 13. Be3 b4 14. Na4 {
The knight is better placed on a4 than on e2 as it proves to be pretty tough
for Black to get counterplay on the queenside.} a5 (14... f6 15. exf6 (15. Nb6
$5 Rb8 16. Nxc8 Qxc8 17. exf6 Rxf6 18. g3 Qc7 19. Bh3 $14 {Michielsen,
J-Brandenburg,D/Groningen 2005}) 15... Nxf6 16. Bb6 Ne4 17. Qe1 Qf6 18. g3 Qf7
19. Bg2 e5 20. Rxd5 Qxd5 21. Qxe4 Qxe4 22. Bxe4 $16 {Shomoev,A-Iljushin,A/
Krasnoyarsk 2003}) (14... Bb7 $5 15. Bd3 Qa5 16. b3 d4 17. Be4 $2 dxe3 18. Qh4
Rfd8 19. Qxh7+ Kf8 20. Qh8+ Ke7 $17 {Hertneck,G-Knaak,R/Germany 2004}) 15. h4 {
Black intends to trade the light-squared bishop by Ba6 so there is no point to
waste time on moving the bishop.} (15. Bb5 $6 Qc7 16. Qe2 Ncb8 17. Kb1 Ba6 18.
Bd3 Qb7 19. h4 Rc8 20. b3 Bxd3 21. Rxd3 Na6 $132 {Solovjov,S-Nikolenko,O/St
Petersburg 2004}) 15... Ba6 {This move makes more sense than the immediate 15..
.f6.} (15... f6 $6 16. exf6 Nxf6 17. h5 Ng4 18. Qg3 Nxe3 19. Qxe3 Qd6 20. g3
Bd7 21. h6 g6 22. Bh3 $14 {Kraai,J-Schneider,I/Philadelphia 2004}) 16. h5 Bxf1
17. Rhxf1 f6 {A typical reaction. Black should also consider to play} (17... h6
$5 {not allowing White to weaken the dark squares on the kingside.}) 18. h6 g6
(18... fxe5 19. hxg7 Rf7 20. Qe2 Rxg7 21. fxe5 $36) 19. exf6 Nxf6 20. Qe2 Ne4
21. Qb5 Rc8 $6 ({More in the spirit of the position was} 21... Qc7 $142 22. g4
(22. Bb6 Qd7 23. Nc5 Nxc5 24. Bxc5 Rfc8 $132) 22... Rac8 23. Qd3 (23. Kb1 Ne7
24. Qd3 Qc6 $15) 23... Ne7 $13 {depriving White a chance to push f5.}) 22. Nb6
Rc7 23. Kb1 $14 {Now it's not so easy for Black to regroup the pieces.} Qd6 (
23... Nd6 24. Qd3 Ne4 25. g4 Rb7 26. Qb5 Qe8 27. f5 $36) 24. g4 Na7 $6 {
Desperately looking for counterplay, but Black doesn't have enough offensive
resources to create anything on the queenside.} (24... Ne7 25. Qxa5 Rc6 26. Na4
Ra6 (26... Rb8 $2 27. Qa7 Ra6 28. Qd4 $18) 27. Qb5 Rc6 28. Qd3 $14) 25. Qxa5
Qc6 26. Ka1 $1 (26. Rc1 $6 Rb8 {[%cal Gb8b1]}) 26... Qb5 $6 27. Qxb5 Nxb5 28.
f5 $1 $16 {[%csl Rd5] Finally executing a program breakthrough!} Rcf7 (28...
gxf5 29. gxf5 Rxf5 30. Rxf5 exf5 31. Nxd5 Rxc2 32. Nxb4 Re2 33. Nd5 $18) 29.
Rg1 $1 exf5 30. gxf5 Rxf5 31. Nxd5 Rf3 32. Rge1 Nbd6 33. Nxb4 $18 Nf5 34. Bc1
Nf2 35. Rd7 Ng4 36. a4 Ra8 37. b3 Ngxh6 38. Nd5 Ng4 39. Re4 h5 40. Rxg4 $1 {
[%cal Gd5f6,Gc1a3]} hxg4 41. Nf6+ Kf8 42. Ba3+ Ne7 43. Rxe7 Rxa4 44. Nd7+ Kg8
45. bxa4 Rxa3+ 46. Kb2 Rxa4 47. Nf6+ Kf8 48. Re4 1-0

[Event "Goodricke op 13th"]
[Site "Kolkata"]
[Date "2002.03.24"]
[Round "8"]
[White "Sulskis, Sarunas"]
[Black "Gleizerov, Evgeny"]
[Result "1-0"]
[WhiteElo "2579"]
[BlackElo "2587"]
[Annotator "Finkel,A"]
[PlyCount "59"]
[EventDate "2002.03.17"]
[EventType "swiss"]
[EventRounds "11"]
[EventCountry "IND"]
[SourceTitle "CBM 088"]
[Source "ChessBase"]
[SourceDate "2002.03.21"]
[SourceVersion "1"]
[SourceVersionDate "2002.03.21"]
[SourceQuality "1"]

1. e4 e6 2. d4 d5 3. Nd2 (3. Nc3 Nf6 4. e5 Nfd7 5. Nce2 c5 6. c3 Nc6 7. f4 Qb6
8. Nf3 {1/2-1/2 Vukovic,Z-Marinkovic,S/Subotica 1992/EXT 2000 (8)}) 3... Nf6 4.
e5 Nfd7 5. c3 c5 6. f4 Nc6 7. Ndf3 Qb6 8. Ne2 a5 9. g3 {Arising position is
more typical for 3.Nc3 Nf6 4.e5 Nfd7 5.Nce2 etc} (9. a4 Be7 (9... cxd4 10. cxd4
Bb4+ 11. Nc3 h6 12. Bb5 f6 13. O-O O-O 14. Kh1 $14 {Zagrebelny,S-Vakhidov,T/
Dubai 1996/EXT 99}) 10. g3 O-O 11. Bh3 cxd4 12. cxd4 f6 13. Bxe6+ Kh8 14. exf6
Bb4+ 15. Nc3 Nxf6 $44 {Gorin,L-Volkov,S/Bydgoszcz 2000/CBM 76 ext}) (9. a3 a4
10. h4 Ra7 11. f5 exf5 12. Nf4 cxd4 13. cxd4 Qa5+ 14. Bd2 Qd8 15. Bd3 Nb6 16.
Qc2 $14 {Arakhamia Grant,K-Volkov,S/Port Erin 2000/CBM 78 ext}) 9... a4 10. Bh3
cxd4 (10... Be7 11. O-O c4 12. a3 Nf8 13. Qc2 Bd7 14. f5 h6 15. Nf4 O-O-O 16.
fxe6 fxe6 17. Ng6 $14 {Horvath,M-Hagara,E/Trencin 1995/EXT 98}) 11. cxd4 Bb4+
12. Bd2 $5 {Strangely enough this logical move proves to be a novelty.} (12.
Kf2 a3 13. b3 Ndb8 14. Kg2 (14. Be3 Bd7 15. g4 h5 16. gxh5 Rxh5 17. Bf1 Ne7 18.
Ng3 Rh8 19. Rc1 Nbc6 20. h4 O-O-O 21. Bd3 Kb8 22. Bb1 $14 {1/2-1/2 Khalifman,
A-Volkov,S/St Petersburg 1999/CBM 71 (22)}) 14... Na6 15. Be3 Bd7 16. Rc1 Be7
17. Nc3 Nab4 18. Qd2 Qa5 19. Na4 b6 {1/2-1/2 Ulibin,M-Volkov,S/Krasnodar 1998/
EXT 2000 (19)}) (12. Kf1 a3 13. b3 O-O 14. Kg2 Kh8 15. Ng5 Ne7 16. Qd3 f5 17.
Be3 $14 {Stojkovic,A-Kotek,D/Prague 1994/EXT 97}) 12... a3 $6 {With this move
black deprives himself of the counterplay on the queenside.} (12... Na5 $6 13.
Qxa4 Bxd2+ 14. Nxd2 Qxb2 15. Rb1 Qxd2+ 16. Kxd2 Nc4+ 17. Qxc4 dxc4 18. Nc3 $14)
(12... Bxd2+ 13. Qxd2 Na5 14. Rb1 Nc4 15. Qc3 $14) 13. b3 Ndb8 $6 14. O-O Na6
15. Be3 $1 $36 {[%csl Ra6,Rb4,Rc6]} Nc7 16. Rc1 Bd7 $6 (16... Nb5 17. Qd3 Bd7
18. g4 $36 {[%cal Gf4f5,Ge2f4]}) 17. Nc3 Qa5 18. Na4 b6 {[%csl Rc6]} 19. f5 $5
{Black king is still in the center and white exploites this fact with
inspiring elegance!} exf5 20. Bxf5 $1 Bxf5 21. Rxc6 Ra7 (21... Ne6 22. Ng5 $1
Nxg5 23. Rxf5 Ne6 24. Qf3 $16 {[%csl Rb6,Rd5]}) 22. Ng5 $1 Bg6 23. Rxg6 $1 {
Decisive blow.} fxg6 (23... hxg6 24. Qg4 {[%cal Gg4c8]} Qa6 25. Rxf7 Be7 26.
Nxb6 $1 $18) 24. Qg4 Be7 25. Qc8+ Bd8 26. Ne6 Nxe6 27. Qxe6+ Be7 (27... Re7 28.
Qc6+ Rd7 29. e6 $18) 28. Qc8+ Bd8 29. Bg5 (29. Qc6+ $18) 29... b5 30. Qc6+ 1-0

[Event "ISR-chT"]
[Site "Israel"]
[Date "1996.??.??"]
[Round "7"]
[White "Finkel, Alexander"]
[Black "Soffer, Ram"]
[Result "1-0"]
[WhiteElo "2500"]
[BlackElo "2530"]
[Annotator "Finkel,A"]
[PlyCount "75"]
[EventDate "1996.??.??"]
[EventType "team"]
[EventRounds "11"]
[EventCountry "ISR"]
[SourceTitle "CBM 052 Extra"]
[Source "ChessBase"]
[SourceDate "1996.07.01"]
[SourceVersion "1"]
[SourceVersionDate "1996.07.01"]
[SourceQuality "1"]

1. e4 e6 2. d4 d5 3. Nc3 Nf6 4. e5 Nfd7 5. Nce2 $5 c5 6. c3 b5 $5 (6... b6 $5)
7. Nf3 c4 (7... Nc6) 8. h4 $1 $14 {[/\NF4,NG5,QH5,RH3->]} h6 $5 9. Nf4 Nb6 10.
Rh3 g6 11. Nh2 $1 Be7 12. Ng4 h5 (12... Bxh4 13. Rxh4 Qxh4 14. Nf6+ Ke7 15. Qf3
Nc6 16. g3 $18) 13. Nh2 (13. Nf6+ $6 Bxf6 14. exf6 Qxf6 15. Bd2 Nc6 16. Qc2 Bd7
$15) 13... Bxh4 $5 14. g4 hxg4 $8 15. Qxg4 $6 (15. Nxg4 $1 Kd7 $1 $13 (15... g5
16. Nh5 f5 17. exf6 e5 18. Ng7+ Kf8 19. Nxe5 Qxf6 20. Rf3 $18) (15... Rf8 16.
Ng2 Be7 17. Rh7 $16) 16. Qf3 Be7 17. Rxh8 Qxh8 18. Nh3 $16) 15... Kd7 16. b3
Be7 17. a4 a5 18. Rb1 Rxh3 $6 (18... Kc7 $1 19. Qf3 Bd7 $1 (19... Ba6 20. Rxh8
Qxh8 21. Nh3 Qe8 22. Ng4 $16) 20. Rxh8 Qxh8 21. Nh3 Be8 22. Ng4 N8d7 23. Ng5
Bxg5 24. Bxg5 Qf8 25. Bc1 $1 $44) 19. Qxh3 g5 20. Nh5 Ba6 21. Qf3 Qg8 22. bxc4
dxc4 23. Rxb5 $1 $18 Bxb5 24. Qb7+ Ke8 $8 25. axb5 N8d7 26. Ng4 Qg6 27. Nhf6+
Bxf6 28. Nxf6+ Nxf6 29. exf6 Qxf6 30. Qxb6 Qf3 31. Be2 Qxc3+ 32. Bd2 Qa1+ 33.
Bd1 Rc8 34. Qb7 Rd8 35. Qc6+ Kf8 36. Qc5+ Ke8 37. b6 Qxd4 38. Ba4+ 1-0

[Event "RUS-ch 53rd"]
[Site "Samara"]
[Date "2000.06.17"]
[Round "1"]
[White "Varavin, Viktor"]
[Black "Grechihin, Valery"]
[Result "1-0"]
[WhiteElo "2410"]
[BlackElo "2521"]
[Annotator "Finkel,A"]
[PlyCount "79"]
[EventDate "2000.06.03"]
[EventType "swiss"]
[EventRounds "11"]
[EventCountry "RUS"]
[SourceTitle "CBM 078"]
[Source "ChessBase"]
[SourceDate "2000.10.18"]
[SourceVersion "1"]
[SourceVersionDate "2000.10.18"]
[SourceQuality "1"]

1. e4 e6 2. d4 d5 3. Nc3 Nf6 4. e5 Nfd7 5. f4 c5 6. Nf3 Nc6 7. Be3 cxd4 8. Nxd4
Qb6 9. Qd2 Qxb2 10. Rb1 Qa3 11. Bd3 {Not the most dangerous for black
continuation,which however proved itself in the following game.} (11. Bb5 $5) (
11. Ncb5 Qxa2 12. Rd1 Rb8 13. Nc7+ Kd8 14. Ncxe6+ $2 fxe6 15. Nxe6+ Ke7 16. Nc7
d4 17. f5 Ndxe5 {0-1 Doghri,N-Nikolenko,O/Moscow5-B 1991}) 11... Qa5 $5 (11...
Bb4 12. Rb3 Qa5 13. a3 Nxd4 14. Bxd4 Bc5 15. Nb5 Qxd2+ 16. Kxd2 Bxd4 17. Nxd4
Nc5 $17 {Santacruz,C-Sieiro Gonzalez,L/Juan Fontclara mem 1995}) (11... a6 12.
O-O (12. Nce2 $1 Nc5 13. O-O Be7 $6 (13... g6) 14. Nxc6 bxc6 15. Nd4 Bd7 16. f5
$1 $14 {Piesina,G-Ruzele,D/Vilnius zt 1993}) 12... Bb4 13. Rb3 Qa5 14. Kh1 Nc5
15. Rxb4 Nxb4 16. Ndb5 axb5 17. Bxc5 $44 {Sulskis,S-Ruzele,D/LTU-ch Vilnius
1994}) (11... Nxd4 12. Bxd4 Bb4 13. O-O O-O $13 {Huebner,R-Kortschnoj,V/
Garmisch 1994}) 12. Ncb5 $5 Qd8 $6 {Very strange decision.Of coarse dangerous
is} (12... Bb4 $6 13. Rxb4 $1 Nxb4 14. O-O O-O (14... Kf8 15. Nb3 Qa4 16. Nc5
Qa5 17. Nxd7+ Bxd7 18. Bc5+ Kg8 19. Qxb4 $16) 15. a3 $1 Nc6 16. Nxc6 Qxd2 17.
Ne7+ Kh8 18. Bxd2 $16 {,but after logical}) (12... Qxd2+ $1 13. Kxd2 $1 (13.
Bxd2 Nxd4 14. Nc7+ Kd8 15. Nxa8 b6 $17 {[%csl Ra8][%cal Gc8b7]}) 13... Kd8 14.
Nxc6+ bxc6 15. Nxa7 c5 16. Nxc8 Kxc8 $15 {it's white who has to fight for
equality.}) 13. O-O a6 (13... Nc5 14. Nxc6 bxc6 15. Qc3 cxb5 16. Bxc5 a6 17.
Bxf8 Kxf8 18. a4 $44) 14. Nd6+ Bxd6 15. exd6 $44 {Now white definity has
compensation for the pawn.} O-O 16. c4 $1 Qf6 $6 {Another inaccuracy,this time
leading to the advantage of white:queen is misplaced on f6 and white manages
to gain cuple of precious tempi due to the awkward position of the queen.} (
16... Nxd4 $5 17. Bxd4 dxc4 18. Bxc4 b5 19. Bb3 Bb7 20. Rbc1 $44) 17. Kh1 $5
Kh8 (17... Nxd4 18. Bxd4 Qxd4 $2 19. Bxh7+ Kxh7 20. Qxd4 $18) 18. Bc2 Nxd4 (
18... dxc4 19. Nxc6 bxc6 20. Bd4 Qh4 21. Rf3 $40 {[%csl Rh8][%cal Gf3h3]}) 19.
Bxd4 Qh6 20. Rb3 {Even stronger was} (20. Rf3 $1 e5 (20... f5 21. Rh3 Qg6 22.
Rg3 $18) 21. Rh3 Qf6 22. Rxh7+ Kg8 23. fxe5 Nxe5 24. Rh5 $18 {with decisive
advantage.}) 20... e5 $8 21. Bb2 (21. Rh3 $1 Qf6 {[%csl Rf1]} 22. Rxh7+ Kg8 23.
Bb2 d4 24. Qd3 $16) 21... Nc5 $8 22. Qxd5 Nxb3 23. axb3 {[%cal Gd6d7]} Qe6 (
23... Be6 24. Qxe5 Rfe8 25. Qd4 $14) 24. Qd3 e4 25. Qd4 f6 26. f5 Qe5 $2 {
It's hard to call this move otherthan suicide.The arising endgame doesn't
leave black too many chanses of survival.} (26... Qd7 27. Bxe4 Re8 $14) 27.
Qxe5 fxe5 28. Bxe4 $16 {[%csl Re5]} Bd7 29. g4 Rfe8 30. Kg2 Rac8 31. Kf3 b5 32.
Rc1 bxc4 33. bxc4 a5 $2 {It was stil possible to put up some resistance with} (
33... Rb8 $8) 34. c5 $18 Red8 (34... Bc6 35. Bxc6 Rxc6 36. Ke4 Kg8 37. Kd5 $18
{[%cal Gc5c6,Gd6d7]}) 35. Bxe5 Re8 36. Kf4 Bc6 37. Bxc6 Rxc6 38. Ke4 a4 39. Kd5
Ra6 40. d7 1-0